000 01020nas a2200337 4500
001 BR0302007
003 BR-BrBNA
005 20231205103723.0
007 ta
008 230509b bl.|||p| |||| 00| 00por d
040 _aBR-BrBNA
_bpor
_cBiblioteca Nacional de Agricultura
041 _a(Pt)
072 _aQ55; Q54
100 1 _aLançanova, J.A.C.
100 1 _aCodagnone, H.C.V.
100 1 _aYoda, I.F.
245 1 _aSubstituição da proteína do farelo de algodão pela da farinha de leucena em concentrados para vacas em lactação
650 _aGADO MESTIÇO
650 _aLACTAÇÃO
650 _aALGODÃO
650 _aFARELO
650 _aLEUCAENA
650 _aFARINHA
650 _aCONCENTRADO PROTÉICO
650 _aCOMPOSIÇÃO DE ALIMENTO
650 _aSUPLEMENTO PROTÉICO
650 _aPRODUÇÃO LEITEIRA
773 0 _tArs Veterinária (Brazil)
_xISSN 0102-6380
_g(Aug 2001), v. 17(2) p. 149-154
_wBR0302007
909 _a202311
_bLúcia
_c55
_dLúcia Elande
942 _2AGRIS
_n0
_cANA
999 _c174373
_d174373